00920nam a2200205 a 450000100100000000500170001000800410002702000150006804000250008310000330010824500480014126000420018930000210023150000700025250000420032295201170036495201050048195201110058699900170069700003784720201002031127.0130307s2011 mx 000 0 spa d a9685146721 aDO-SdBNPbspacBNPHU1 aRousseau, Juan Jacobo95122513aEl contrato social /cJuan Jacobo Rousseau. aMéxico :bEdiciones Leyenda,c2011. a110 p. ;c22 cm. aIncluye datos biográficos del autor en la solapa de la cubierta aIncluye notas al pie de las páginas 001054708MOaGRbGRcCTd2013-03-07iLF1l0o p37847-30r2020-06-25te. 3w2020-06-25y4ZPréstamo en sala 001050718MOaPDbPDcCTd2013-03-07iLF1l0o p37847-10r2020-06-25w2020-06-25y1ZNo se presta 001050718MOaPDbPDcCTd2013-03-07iLF1l0o p37847-20r2020-06-25te. 2w2020-06-25y1ZNo se presta c37337d37337